000 00820cam a2200301 4500
001 M2050
008 090401t1996 xxu||||| |||| 00| 0 eng d
035 _a(Sirsi) u96299
041 _aeng
110 _aRoyal Institution of Chartered Surveyors
_94900
245 4 _aThe development of regional planning in Europe.
260 _aLondon
_bRICS
_c1996
300 _a(7)p. ; 30cm.
350 _a4
490 _aRICS Memorandum
_vPU/REPORT(96)04
650 _aEUROPE 2000+
650 _aEUROPEAN REGIONAL PLANNING
650 _aEUROPEAN UNION
650 _aPLANNING POLICY
650 _aPLANNING SYSTEM
650 _aREGIONAL PLANNING GUIDANCE
650 _aREGIONAL PLANNING
650 _aRPG
650 _aSPATIAL PLANNING
690 _aPLANNING LAW AND PRACTICE
942 _n0
948 _c04/03/1997
999 _c98625
_d98625